|
|
|
|
| LEADER |
00000nam a2200000Ii 4500 |
| 001 |
DIGVEDIV0554 |
| 003 |
NyNyDIG |
| 008 |
230705s2022 sp o 00 0 spa d |
| 006 |
m o d |
| 007 |
cr ||||||||||| |
| 035 |
|
|
|a (OCoLC)1391274045
|
| 040 |
|
|
|a DGITA
|b eng
|e rda
|e pn
|c DGITA
|
| 020 |
|
|
|a 9788490738450
|q eBook
|
| 020 |
|
|
|z 9788490738467
|
| 050 |
1 |
4 |
|a BT202 ebook
|
| 100 |
1 |
|
|a Varga Andrés, Jesús,
|e author.
|
| 245 |
1 |
3 |
|a La salvación como solidaridad :
|b el paradigma soteriológico del evangelio de Lucas /
|c Jesús Varga Andrés
|
| 264 |
|
1 |
|a Estella (Navarra), España :
|b EVD, Editorial Verbo Divino,
|c 2022
|
| 300 |
|
|
|a 1 online resource.
|
| 336 |
|
|
|a text
|b txt
|2 rdacontent
|
| 337 |
|
|
|a computer
|b c
|2 rdamedia
|
| 338 |
|
|
|a online resource
|b cr
|2 rdacarrier
|
| 347 |
|
|
|a text file
|2 rdaft
|
| 347 |
|
|
|b EPUB
|
| 490 |
1 |
|
|a Asociación Bíblica Española (Series)
|a Monografías bíblicas ;
|v 82
|
| 588 |
0 |
|
|a Online resource; title from ePub title page (Digitalia, viewed July 5, 2023)
|
| 600 |
0 |
0 |
|a Jesus Christ
|x Teachings.
|
| 630 |
0 |
0 |
|a Bible.
|p Luke
|x Criticism, interpretation, etc.
|
| 650 |
|
0 |
|a Salvation
|x Christianity.
|
| 791 |
2 |
|
|a Digitalia (Firm),
|e distributor.
|
| 793 |
0 |
|
|g Digitalia eBook Collection:
|a Editorial Verbo Divino
|
| 776 |
0 |
8 |
|i Print version:
|a Varga Andrés, Jesús.
|t Salvación como solidaridad.
|d Estella (Navarra), España : EVD, Editorial Verbo Divino, 2022
|z 9788490738467
|
| 830 |
|
0 |
|a Asociación Bíblica Española (Series). Monografías bíblicas ;
|v 82.
|
| 856 |
4 |
0 |
|3 Digitalia Hispánica
|u https://www.digitaliapublishing.com/a/124804/
|
| 910 |
|
|
|a Premium collection: 2023
|